LEADER 01706nam a2200313 u 4500 001 000000001592 003 CaOOAMICUS 005 20070226104329.0 008 941103s1959 it u000 u ita u 035 $a10038494 040 $aAAR$bita$dISV$dPUL(R) 100 1 $aDe Francisci, Pietro,$d1883-1971.$0(OLS)http://pul/name/1776 245 10$aPrimordia Civitatis /$cPietro de Francisci. 260 $aRomae :$bApollinaris,$c1959. 300 $a785 p. ;$c25 cm 490 1 $aStudia et documenta (Pontificia Università lateranense. Pontificium Institutum Utriusque Iuris) ;$v2 650 0$aCanon law.$2//eng$0(OLS)http://pul/subject/1600 650 0$aEtruscans$xSocial life and customs.$2//eng$0(OLS)http://pul/subject/1601 651 0$aItaly$xCivilization$xHistory.$2//eng$0(OLS)http://pul/subject/1602 651 0$aRome$xHistory$yTo 510 B.C.$2//eng$0(OLS)http://pul/subject/1603 651 0$aRome$xPolitics and government.$2//eng$0(OLS)http://pul/subject/1604 710 2 $aPontificia Università Lateranense.$bPontificium Institutum Utriusque Iuris.$0(OLS)http://pul/name/1777 830 0$aStudia et documenta (Pontificia Università lateranense. Pontificium Institutum Utriusque Iuris) ;$v2.$0(OLS)http://pul/title/2402 850 $aPUL 852 $aPUL$W1$xDP1 Altre Collocazioni$y17$mSenza collocazione$j12$nBK-PRI$b $qStampati$B2108$CPULBib$Z2$F2108 $81 852 $aPUL$W1$xSL Diritto e Scienze Sociali 3$y79$m340. 54 COLL 1.1.2$j189780$nBK-PRI$b $qDDC 21$B2107$CPULBib$Z2$F2107 $H19795 $81 941 1 $a9 996 $6245$aPrimordia Civitatis$9(OLS)http://pul/title/2401 996 $6260$aRomae :$bApollinaris$9(OLS)http://pul/publisher/48843 LEADER 01582nam a2200385 u 4500 001 000000008780 003 CaOOAMICUS 005 20070226105130.0 008 940516s1983 it f u000 u ita u 020 $a8802026653 035 $a10225483 040 $aPUL(R)$bita 041 1 $aita$hlat 100 1 $aTacitus, Publius Cornelius,$dc. 55-120.$0(OLS)http://pul/name/4986 240 10$aAnnales$9(Tacitus, Publius Cornelius, c. 55).$lItaliano e latino.$0(OLS)http://pul/title/12848 245 10$aAnnali /$cdi Tacito ; a cura di Azelia Arici. 250 $a2. ed. rifatta. 260 $aTorino :$bUnione Tipografico-Editrice Torinese,$c1983. 300 $a965 p. :$btav. ;$c24 cm 490 1 $aClassici latini 490 1 $aClassici UTET 500 $aTesto latino a fronte. 504 $a"Nota bibliografica": p. [47]-75. 700 1 $aArici, Azelia.$0(OLS)http://pul/name/8728 830 0$aClassici UTET.$0(OLS)http://pul/title/1243 830 0$aClassici latini (UTET).$0(OLS)http://pul/title/2304 850 $aPUL 852 $aPUL$W1$xDP1 Cons. Gen., Altre Classi 1$y22$m844 F 5.1$j184699$qStampati$B187889$CPULBib$Z2$F187889 $H73951 $82 900 $aTacitus, Cornelius,$dc. 55-120$94986 900 $aTacito, Publio Cornelio,$dc. 55-120$94986 900 $aTacitus, Caius Cornelius,$dc. 55-120$94986 941 1 $a8 996 $6020$a8802026653$9(OLS)http://pul/number/11297 996 $6245$aAnnali$9(OLS)http://pul/title/12849 996 $6260$aTorino :$bUnione Tipografico-Editrice Torinese$9(OLS)http://pul/publisher/48798